Instant spelling dictionary: (Record no. 944)

000 -LEADER
fixed length control field 00891nam a2200217 a 4500
001 - CONTROL NUMBER
control field :::00014123$&:&@@
003 - CONTROL NUMBER IDENTIFIER
control field OkBaRHE
005 - DATE AND TIME OF LATEST TRANSACTION
control field 20110427114807.0
008 - FIXED-LENGTH DATA ELEMENTS--GENERAL INFORMATION
fixed length control field s1988 j 000 0 eng u
040 ## - CATALOGING SOURCE
Transcribing agency
100 1# - MAIN ENTRY--PERSONAL NAME
Personal name Dougherty, Margaret M.
245 10 - TITLE STATEMENT
Title Instant spelling dictionary:
Remainder of title 25,000 words spelled, divided, accented, including complete rules for spelling, word division, punctuation, capitalization, abbreviating, word compounding, forms of address, and proofreader's marks.
250 ## - EDITION STATEMENT
Edition statement New 3rd ed.
260 ## - PUBLICATION, DISTRIBUTION, ETC. (IMPRINT)
Place of publication, distribution, etc Mundelein, IL., :
Name of publisher, distributor, etc Career Institute
Date of publication, distribution, etc 1988
300 ## - PHYSICAL DESCRIPTION
Extent 320 p. ;
Dimensions 16 cm.
650 ## - SUBJECT ADDED ENTRY--TOPICAL TERM
Topical term or geographic name as entry element Spellers
700 ## - ADDED ENTRY--PERSONAL NAME
Personal name Bolander, Donald O., Joint author.
700 ## - ADDED ENTRY--PERSONAL NAME
Personal name Fitzgerald, Julia H., Joint author.
942 ## - ADDED ENTRY ELEMENTS (KOHA)
Source of classification or shelving scheme
Koha item type Books
Copies
Not for loan Damaged status Date acquired Koha item type Price effective from Withdrawn status Copy number Collection code Permanent Location Full call number Date last seen Source of classification or shelving scheme Lost status Barcode Shelving location
  2010-04-14Books2010-04-14 1ReferenceRHEMA Bible Training CollegePE 1146 .D822011-04-27  14123General Stacks